000 00725nam a2200253Ia 4500
003 OSt
005 20221005072915.0
006 a|||||r|||| 00| 0
007 ta
008 221004b |||||||| |||| 00| 0 urd d
020 _cINR 300.00
024 _a65881
037 _b2377, 19/02/2020, M.R.Publications
_cTextual
040 _aCRL
_cCRL
_burd
041 _2urd
_aurd
082 _aO168,1x, Q5
100 _aArgali Farooq Au.
_9607579
245 0 _aKarwan-e-ghazal
260 _aNew Delhi
_bFarid book depot India
_c2015
300 _a529p.
_ccm.
650 _aURDU POETRY
942 _hO168,1x, Q5
_cTEXL
_2cc
999 _c980263
_d980263